000 01417nam a22003975a 4500
003 EG-ScBUE
005 20220525123507.0
006 a||||fr|||| 000 0
008 091215r20062005enk f 000 0 eng d
020 _a9780582825017 (Student book)
020 _a0582825016 (Student book)
020 _a0582825032 (Workbook)
020 _a9780582825031 (Workbook)
040 _aEG-ScBUE
_beng
_erda
_cEG-ScBUE
_dEG-ScBUE
082 0 4 _a428.24
_bCUN
_222
100 1 _aCunningham, Sarah,
_d1960-
_eauthor.
_914281
245 1 0 _aNew cutting edge,
_pElementary,
_pWorkbook /
_cSarah Cunningham, Peter Moor, Frances Eales.
246 3 0 _aElementary
246 3 0 _aWorkbook
250 _aThird impression.
264 1 _aHarlow, England :
_bPearson Education Limited,
_c2006.
300 _a175 pages :
_billustrations ;
_c28 cm
336 _2rdacontent
_atext
_btxt
337 _2rdamedia
_aunmediated
_bn
338 _2rdacarrier
_avolume
_bnc
500 _aMini -Dictionary in pocket of Students' book.
505 0 _aStudent' book -- Workbook.
650 7 _aEnglish language
_vTextbooks for foreign speakers.
_2BUEsh
_913993
650 7 _aEnglish language
_xGrammar
_vProblems, exercises, etc.
_2BUEsh
_913890
651 _2BUEsh
653 _bHHUUEENN
_cNovember2018
655 _vReading book
_934232
700 1 _aMoor, Peter,
_d1957-
_eauthor.
_914290
700 1 _aEales, Frances,
_eauthor.
_99991
942 _2ddc
_cBB
999 _c13049
_d13049